000 00514 a2200193 4500
003 sjds
005 20250526040848.0
008 250526b |||||||| |||| 00| 0 spa d
020 _a9789992448236
020 _a9992448237
040 _csjds
041 _aspa
100 _aDario, Ruben
245 _aProsas profanas /
_cRuben Dario ; prologo Guillermo Rothschuh Tablada.
260 _aManagua :
_bDistribuidora Cultural,
_c 2003
300 _a94 p
700 _aRothschuh Tablada, Guillermo
942 _cBK
999 _c12564
_d12564